000 00385nam a2200145 i 4500
001 bg
100 1 _aBOBROWSKI, Jan
245 0 _aWytyczne do projektowania systemów dziedzinowo-gałęziowych w SINTO /
_cJan Bobrowski.
260 _aWarszawa,
_c1982.
040 _cBPK
041 _apol
080 _a002.1:681.324(438)
942 _cKS
008 s pl f |000 0 pol
999 _c20508
_d20508
856 _uhttp://koha.tu.koszalin.pl/cgi-bin/koha/opac-detail.pl?biblionumber=20508
_yKatalog online BPK